书目信息 |
| 题名: |
节约总动员
|
|
| 作者: | 刘荣奇 , 杨振新 主编 | |
| 分册: | ||
| 出版信息: | 北京 海潮出版社 2005.10 |
|
| 页数: | 143页 | |
| 开本: | 22cm | |
| 丛书名: | 创建节约型社会必读书 | |
| 单 册: | ||
| 中图分类: | TK01 | |
| 科图分类: | TK01 | |
| 主题词: | 节能-基本知识 | |
| 电子资源: | ||
| ISBN: | 7-80213-043-3 | |
| 000 | 00702nam0 2200241 450 | |
| 001 | 0635282405 | |
| 005 | 20061011102410.62 | |
| 010 | @a7-80213-043-3@dCNY 13.80 | |
| 100 | @a20060825d2005 km y0chiy0120 ea | |
| 101 | 0 | @achi |
| 102 | @aCN@b110000 | |
| 200 | 1 | @a节约总动员@Ajie yue zong dong yuan@f刘荣奇,杨振新主编@Fliu rong qi,yang zhen xin zhu bian |
| 210 | @a北京@c海潮出版社@d2005.10 | |
| 215 | @a143页@d22cm | |
| 225 | 2 | @a创建节约型社会必读书 |
| 410 | 0 | @12001 @a创建节约型社会必读书 |
| 606 | 0 | @a节能-基本知识 |
| 690 | @aTK01@v4 | |
| 692 | @aTK01 | |
| 701 | 0 | @a刘荣奇@Aliu rong qi@4主编 |
| 701 | 0 | @a杨振新@Ayang zhen xin@4主编 |
| 801 | 0 | @aCN@c20061011 |
| 905 | @apdsgxy@dTK01@eL665 | |
| 节约总动员/刘荣奇,杨振新主编.-北京:海潮出版社,2005.10 |
| 143页;22cm.-(创建节约型社会必读书) |
| ISBN 7-80213-043-3:CNY 13.80 |
| ● |
| 相关链接 |
|
|
|
正题名:节约总动员
索取号:TK01/L665
 
预约/预借
| 序号 | 登录号 | 条形码 | 馆藏地/架位号 | 状态 | 备注 |
| 1 | 609783 | 206097837 | 自科二线504/504自科库 44排2列1层/ [索取号:TK01/L665] | 在馆 | |
| 2 | 609784 | 206097846 | 自科二线504/504自科库 44排2列1层/ [索取号:TK01/L665] | 在馆 | |
| 3 | 609785 | 206097855 | 自科二线504/504自科库 42排2列2层/ [索取号:TK01/L665] | 在馆 |